000 02435cam a22005174i 4500
003 PE-LiUPU
005 20250731165528.0
008 150623s r 000 0 d
020 _a847050049X
035 _a(Sirsi) i9788470500497
040 _aPE-LiUPU
_bspa
_cPE-LiUPU
_erda
049 _aPRUA
082 0 4 _a270.9
_bH
_221
100 1 _aPreclin, E.,
_eautor.
245 1 0 _aLuchas politicas.
_n21 /
_cE. Preclin y E. Jarry.
264 1 _aValencia, España :
_bEdicep,
_c1977.
300 _a607 páginas :
_bilustraciones fotos ;
_c28 centímetros
336 _atext
_2rdacontent
337 _aunmediated
_2rdamedia
338 _avolume
_2rdacarrier
490 0 _aHistoria de la iglesia ;
_v21
504 _aIncluye bibliografía.
505 0 _aLos papas en el tiempo de la preponderancia francesa (1648 - 1700). -Los papas de 1700 a 1789. -La iglesia en Italia de desde 1648 hasta 1789. -La iglesia portuguesa y española. -El catolicismo y el protestantismo en Francia de 1648 a 1685. -Los católicos y los protestantes en Francia desde 1685 hasta 1789. - El galicanismo en Francia antes de 1693. -El galicanismo en Francia durante el siglo XVIII . -La vida cristiana durante los siglos XVII Y XVIII, sobre todo en Francia. -El catolicismo en los países bajos, en las provincias unidas y en los países escandinavos. -El catolicismo en Gran Bretaña y en Irlanda. -Alemania. -Los cantones helvéticos. -El catolicismo en los estados austriacos de 1648 a 1790. -Polonia. -Las iglesias orientales.
526 _aSEG44
526 _aSEG26
526 _aP151
526 _aP150
526 _aP149
526 _aP146
526 _aP145
526 _aP126
526 _aP125
526 _aP92
526 _aP75
526 _aP74
526 _aP27
526 _aP15
650 0 4 _aIglesia
_xHistoria
_yLuchas políticas.
700 1 _aJarry, E.,
_eautor.
942 _2ddc
_cBOOK
949 _aRC 270.9 H 21
_wDEWEY
_c1
_i15595
_lCCODEBUL1
_mBUL
_r0
_sY
_tBOOK
_u2015-6-24
_xTEOLOGIA
_PP35
_0COMPRA
_o.CIRCNOTE. No olvidar cambiar la fecha de devolución!!!!!!!
_o.STAFF. Colección General
994 _aC0
_bPEPRU
596 _a1
999 _aRC 270.9 H 21
_wDEWEY
_c36514
_i15595
_f2021-11-8
_g6
_lCCODEBUL1
_mBUL
_r1
_sY
_tBOOK
_u2015-6-24
_xTEOLOGIA
_PP35
_0COMPRA
_o.CIRCNOTE. No olvidar cambiar la fecha de devolución!!!!!!!
_o.STAFF. Colección General
_d36514
980 _81
_gALBERTO SANCHEZ Responsable de Automatización